000 01342nad a2200397 a 4500
001 MIU01000000000000005101019
003 MiU
005 20231010141104.0
007 cr mnummmmuuuu
008 880718s1978 ilu sb 001 0 eng d
010 _z77017414
020 _z0252006577
024 7 _a2027/heb02751
_2hdl
040 _aMiU
_cMiU
090 _aHX198.5
_b(INTERNET)
100 1 _aDrake, Paul W.,
_d1944-
_936904
245 1 0 _aSocialism and populism in Chile, 1932-52
_h[electronic resource] /
_cPaul W. Drake.
300 _axii, 418 p. : ;
_c24 cm.
504 _aIncludes bibliography (p. [371]-402) and index.
650 0 _zChile
_xHistory.
_936905
650 0 _zChile
_xHistory.
_936905
651 0 _aChile
_xPolitics and government
_y1920-1970.
_936906
830 0 _aACLS Humanities E-Book.
_936907
856 4 0 _zVolltext
_uhttps://hdl.handle.net/2027/heb02751
942 _cEB
500 _aE-Book-ACLS / Zugriff nur im DHI-Lesesaal
653 _aSocialism
653 _aPopulism
653 _aPopular fronts.
336 _2rdacontent
_btxt
_aText
337 _2rdamedia
_bbc
_aComputermedien
338 _2rdacarrier
_bcr
_aOnline Ressource
264 _aUrbana :
_bUniversity of Illinois Press,
_cc1978.
041 _aeng
500 _aAmerican Council of Learned Societies/ https://www.humanitiesebook.org/about/
999 _c65296
_d65296